| 000 -LEADER |
| fixed length control field |
03412cam a2200493 i 4500 |
| 001 - CONTROL NUMBER |
| control field |
20435280 |
| 003 - CONTROL NUMBER IDENTIFIER |
| control field |
NUST |
| 005 - DATE AND TIME OF LATEST TRANSACTION |
| control field |
20220825110054.0 |
| 008 - FIXED-LENGTH DATA ELEMENTS--GENERAL INFORMATION |
| fixed length control field |
180406s2018 nyu b 001 0 eng |
| 010 ## - LIBRARY OF CONGRESS CONTROL NUMBER |
| LC control number |
2017056938 |
| 020 ## - INTERNATIONAL STANDARD BOOK NUMBER |
| International Standard Book Number |
9781610398107 (hardcover) |
| 020 ## - INTERNATIONAL STANDARD BOOK NUMBER |
| Canceled/invalid ISBN |
9781610398114 (ebook) |
| 038 ## - RECORD CONTENT LICENSOR |
| Staff Name |
Azhar |
| 040 ## - CATALOGING SOURCE |
| Original cataloging agency |
DLC |
| Language of cataloging |
eng |
| Transcribing agency |
DLC |
| Description conventions |
rda |
| Modifying agency |
DLC |
| 042 ## - AUTHENTICATION CODE |
| Authentication code |
pcc |
| 043 ## - GEOGRAPHIC AREA CODE |
| Geographic area code |
n-usc-- |
| -- |
n-us-in |
| -- |
n-us-oh |
| 050 00 - LIBRARY OF CONGRESS CALL NUMBER |
| Classification number |
E185.925 |
| Item number |
.C64 2018 |
| 082 00 - DEWEY DECIMAL CLASSIFICATION NUMBER |
| Classification number |
977.0496073 |
| Edition number |
23 |
| Author Mark |
COX |
| 100 1# - MAIN ENTRY--PERSONAL NAME |
| Personal name |
Cox, Anna-Lisa, |
| Relator term |
author. |
| 9 (RLIN) |
93628 |
| 245 14 - TITLE STATEMENT |
| Title |
The bone and sinew of the land : |
| Remainder of title |
America's forgotten black pioneers & the struggle for equality |
| Statement of responsibility, etc. |
Anna-Lisa Cox. |
| 246 30 - VARYING FORM OF TITLE |
| Title proper/short title |
America's forgotten black pioneers and the struggle for equality |
| 250 ## - EDITION STATEMENT |
| Edition statement |
First edition. |
| 260 ## - PUBLICATION, DISTRIBUTION, ETC. |
| Place of publication, distribution, etc. |
New York : |
| Name of publisher, distributor, etc. |
PublicAffairs, |
| Date of publication, distribution, etc. |
2018 |
| 300 ## - PHYSICAL DESCRIPTION |
| Extent |
xviii, 280 pages ; |
| Dimensions |
24 cm |
| 336 ## - CONTENT TYPE |
| Content type term |
text |
| Content type code |
txt |
| Source |
rdacontent |
| 337 ## - MEDIA TYPE |
| Media type term |
unmediated |
| Media type code |
n |
| Source |
rdamedia |
| 338 ## - CARRIER TYPE |
| Carrier type term |
volume |
| Carrier type code |
nc |
| Source |
rdacarrier |
| 504 ## - BIBLIOGRAPHY, ETC. NOTE |
| Bibliography, etc. note |
Includes bibliographical references (pages 211-262) and index. |
| 505 0# - FORMATTED CONTENTS NOTE |
| Formatted contents note |
"Life, liberty" -- Interlude -- "The pursuit of happiness" -- "And secure the blessings of liberty." -- "To secure these rights, governments are instituted among men, deriving their just powers from the consent of the governed." -- "Burnt our towns, and destroyed the lives of our people." -- "The right of the people peaceably to assemble." -- "For taking away our charters, abolishing our most valuable laws, and altering fundamentally the forms of our governments" -- "A history of repeated injuries and usurpations." -- Conclusion. |
| 520 ## - SUMMARY, ETC. |
| Summary, etc. |
"The American frontier is one of our most cherished and enduring national images. We think of the early settlers who tamed the wilderness and built the bones of our great country as courageous, independent--and white. In this groundbreaking work of deep historical research, Anna-Lisa Cox shows that this history simply isn't accurate. In fact, she has found a stunning number of black settlements on the frontier--in the thousands. Though forgotten today, these homesteads were a matter of national importance at the time; their mere existence challenged rationalizations for slavery and pushed the question toward a crisis--one that was not resolved until the eruption of the Civil War. Blending meticulous detail with lively storytelling, Cox brings historical recognition to the brave people who managed not just to secure their freedom but begin a battle that is still going on today--a battle for equality."--Provided by publisher. |
| 563 ## - BINDING INFORMATION |
| Binding note |
HB |
| 650 #0 - SUBJECT ADDED ENTRY--TOPICAL TERM |
| Topical term or geographic name entry element |
African Americans |
| Geographic subdivision |
Northwest, Old |
| General subdivision |
History. |
| 9 (RLIN) |
93629 |
| 650 #0 - SUBJECT ADDED ENTRY--TOPICAL TERM |
| Topical term or geographic name entry element |
African Americans |
| Geographic subdivision |
Indiana |
| General subdivision |
History |
| Chronological subdivision |
19th century. |
| 9 (RLIN) |
93630 |
| 650 #0 - SUBJECT ADDED ENTRY--TOPICAL TERM |
| Topical term or geographic name entry element |
African Americans |
| Geographic subdivision |
Ohio |
| General subdivision |
History |
| Chronological subdivision |
19th century. |
| 9 (RLIN) |
93631 |
| 650 #0 - SUBJECT ADDED ENTRY--TOPICAL TERM |
| Topical term or geographic name entry element |
Frontier and pioneer life |
| Geographic subdivision |
Northwest, Old. |
| 9 (RLIN) |
93632 |
| 650 #0 - SUBJECT ADDED ENTRY--TOPICAL TERM |
| Topical term or geographic name entry element |
Frontier and pioneer life |
| Geographic subdivision |
Indiana. |
| 9 (RLIN) |
93633 |
| 650 #0 - SUBJECT ADDED ENTRY--TOPICAL TERM |
| Topical term or geographic name entry element |
Frontier and pioneer life |
| Geographic subdivision |
Ohio. |
| 9 (RLIN) |
93634 |
| 650 #0 - SUBJECT ADDED ENTRY--TOPICAL TERM |
| Topical term or geographic name entry element |
African Americans |
| General subdivision |
Social conditions |
| Geographic subdivision |
Northwest, Old. |
| 9 (RLIN) |
93635 |
| 651 #0 - SUBJECT ADDED ENTRY--GEOGRAPHIC NAME |
| Geographic name |
Northwest, Old |
| General subdivision |
History |
| Chronological subdivision |
1775-1865. |
| 9 (RLIN) |
93636 |
| 651 #0 - SUBJECT ADDED ENTRY--GEOGRAPHIC NAME |
| Geographic name |
Northwest, Old |
| General subdivision |
Race relations. |
| 9 (RLIN) |
93637 |
| 906 ## - LOCAL DATA ELEMENT F, LDF (RLIN) |
| a |
7 |
| b |
cbc |
| c |
orignew |
| d |
1 |
| e |
ecip |
| f |
20 |
| g |
y-gencatlg |
| 942 ## - ADDED ENTRY ELEMENTS (KOHA) |
| Source of classification or shelving scheme |
|
| Koha item type |
Lincoln Corner |